000 00983cam a2200289 a 4500
001 3202
005 20260311082437.0
020 _a9780061561887
040 _aDLC
_cDLC
_beng
050 0 0 _aPZ7.R2175
_b 2008
082 0 0 _a560
100 1 _aRaymond, N.T
245 1 0 _aBatman versus the joker /
_cadapted by N.T. Raymond ; pencils by Stewart, Cameron ; digital paints by McCaig, Dave
250 _aFirst Edition
260 _aNew York :
_bHarperEntertainment,
_c2008
300 _a24 unnumbered pages :
_bcolor illustrations ;
_c21 cm.
490 0 _aThe Dark knight
505 _aE
520 _aWhen the Joker robs Gotham's First National Bank, Batman pursues him through crowded city streets and fights him in a toy store.
521 _a270
_bLexile
521 _aE
_bRaz-Plus
650 _abatman
_vfiction
700 1 _aStewart, Cameron
_d1976?-
700 1 _aMcCaig, Dave
906 _a7
_bcbc
_corignew
_d2
_eepcn
_f20
_gy-gencatlg
942 _2ddc
_cBK
_n0
999 _c3202
_d3202